000 00354nam a22001457a 4500
999 _c15524
_d15524
003 OSt
008 180911b ||||| |||| 00| 0 eng d
082 _a624.18341
_bKRI/DE
100 _aKrishna raju, N
_93303
245 _aDesign of reinforced concrete structures
250 _a2
260 _aDelhi
_bCBS publishers
_c1990
300 _a294
942 _cBK